000 00875naa a22002777a 4500
001 BR8305829
003 BR-BrBNA
005 20250721154422.0
007 ta
008 250630b bl.|||m| |||| 00| 0 por d
040 _aBR-BrBNA
_bpor
_cBiblioteca Nacional de Agricultura
041 _a(Pt)
072 _aP40
_b/G514
090 _aP40 BR8305829
100 1 _aAlcantara, F. de
100 1 _aValenca, A. de S.
100 1 _aVieira, I.A.
245 1 _aChuvas intensas de marco de 1981 na regiao nordeste do Brasil
500 _aBoletim Tecnico 28 Brasilia, DF (Brasil): 1983. p. 1-66 [Summaries (En, Pt); 24 illus.] (BR8305829-AMS)
650 _aCHUVA
650 _aCLIMATOLOGIA
650 _aREGIAO NORDESTE
490 _aBoletim Tecnico - Instituto Nacional de Meteorologia (Brazil)
_vno. 28
942 _cAMS
_2AGRIS
909 _a202506
_bLúcia
_c55
_dLúcia Elande
999 _c334628
_d334628